000 01198nam0a22002771 4500
001 rc\2296571
005 20250623072735.0
035 _a(NLR Aleph) 006666595
090 _a4948459
_c4948459
100 _a20110829d1977 |||y0rusy50 ca
101 0 _arus
102 _aRU
105 _ay z |||||
200 1 _aКомплексная система управления качеством продукции
_eОпыт работы парт. организаций г. Рустави по разраб. и внедрению комплексной системы управления качеством продукции
_fР. Давидов, В. Кюркчян
210 _aТбилиси
_cСабчота Сакартвело
_d1977
215 _a62 с.
_d20
606 _aПартийные организации и их работа
_yРустави, г.
_2rkp
606 _aПромышленная продукция
_xКачество
_xУправление
_2rkp
700 1 _aДавидов
_bР.
701 1 _aКюркчян
_bВ.
801 0 _aRU
_bNLR
_gpsbo
801 1 _aRU
_bELAR
_2rusmarc
852 _aNLR
_j77-4/23985
899 _aRuMoRGB
_jМ 77-12/1518
942 _cBOOK
980 _aNB